000 00320nam a22001337a 4500
008 170612b xxu||||| |||| 00| 0 eng d
020 _a9780801492778
041 _aeng
080 _a327
100 _a19
101 _aSHP
245 _aTHE SUPREME COURT AND CONSTITUTIONAL DEMOCRACY
_cAGRESTO.J
942 _2udc
_cBK
999 _c17039
_d17039